000 00763nam a2200265 a 4500
001 61676
003 BD-RJUL
005 20211209081006.0
008 170121s1980 a 001 0 eng d
020 _a0080245560
035 _a(BD-RJUL)61800
040 _aBD-RJUL
_cBD-RJUL
_beng
041 _aeng
082 _a420
_223
_bJAA 1980
100 1 _aJackson, Howard
_9183704
245 1 0 _aAnalyzing English :
_ban introduction to descriptive linguistics /
_cHoward Jackson
250 _a1st ed.
260 _aNew York :
_bPergamon Press,
_cc1980
300 _ax, 140 p. :
_bill. ;
_c26 cm
490 1 _aLanguage courses
500 _aIncludes index.
650 0 _aEnglish language
_xGrammar
_9182439
830 0 _aLanguage courses
_9183705
942 _2ddc
_cBK
999 _c61676
_d61676